000 00749nam a2200253Ia 4500
003 OSt
005 20221006144948.0
006 a|||||r|||| 00| 0
007 ta
008 221006b |||||||| |||| 00| 0 eng d
020 _a9780521325301
_c443.00
024 _a13,332
037 _cTextual
040 _aEASL
_cEASL
_beng
041 _2eng
_aeng
082 _aV4151.N65, M6
100 _aGOODMAN David S G
_9290055
245 0 _aCentre & province in the people's republic of China
260 _aCambridge
_bCambridge University Press
_c1986
300 _a257p.
_ccm.
490 _v CEL
_aContemporary China Institute Publications
942 _hV4151.N65, M6
_cTEXL
_2CC
999 _c1081418
_d1081418